000 002580000a22000970004500
100 1 _aArias, Mortimer
245 1 0 _a¿Qué hay detrás de "La Gran Comisión"?
300 _aVol. 7, Num 1 y 2 (1987), Páginas 47-55
773 0 _tVida y pensamiento
942 _cANA
999 _c52804
_d52804